MARC

LEADER 00000nam0a2200000 4500
001 373808
005 20231101050905.0
010 |a 5020296503 
020 |a RU  |b 90-7440 
035 |a (RuTPU)RU\TPU\retro\31239 
035 |a RU\TPU\book\225276 
090 |a 373808 
100 |a 20221216d1990 k y0rusy5003 ca 
101 0 |a rus 
102 |a RU 
105 |a a z 001zy 
200 1 |a Старение материалов на основе поливинилхлорида в условиях холодного климата  |f Р. Н. Бочкарев, И. С. Филатов  |g Академия наук СССР (АН СССР), Сибирское отделение (СО), Институт физико-технических проблем Севера (ИФТПС); под ред. И. Н. Черского 
210 |a Новосибирск  |c Наука  |d 1990 
215 |a 118 с.  |c ил. 
320 |a Библиогр.: с. 103-116. 
610 1 |a материалы 
610 1 |a старение 
610 1 |a поливинилхлорид 
610 1 |a холодный климат 
610 1 |a физико-химические процессы 
610 1 |a изменение 
610 1 |a прогнозирование 
675 |a 678.01  |v 3 
700 1 |a Бочкарев  |b Р. Н.  |g Родион Николаевич  |4 070 
701 1 |a Филатов  |b И. С.  |g Иван Степанович  |4 070 
702 1 |a Черский  |b И. Н.  |4 340 
712 0 2 |a Академия наук СССР (АН СССР)  |b Сибирское отделение (СО)  |b Институт физико-технических проблем Севера (ИФТПС)  |c (Якутск)  |2 stltpush  |3 (RuTPU)RU\TPU\col\13084 
801 0 |a RU  |b RuMRKP  |c 19950417  |g psbo 
801 1 |a RU  |b 63413507  |c 20120114 
801 2 |a RU  |b 63413507  |c 20221216  |g RCR 
942 |c BK